Modern Germany in relation to the great war

Đã lưu trong:
Sonraí Bibleagrafaíochta
Príomhúdar: Whitelock, William Wallage
Formáid: Leabhar
Teanga:Undetermined
Foilsithe: New York Mitchell Kennerley 1916
Ábhair:
Clibeanna: Cuir Clib Leis
Gan Chlibeanna, Bí ar an gcéad duine leis an taifead seo a chlibeáil!
Thư viện lưu trữ: Trung tâm Học liệu Trường Đại học Cần Thơ
LEADER 00506nam a2200181Ia 4500
001 CTU_80994
008 210402s9999 xx 000 0 und d
082 |a 943 
082 |b W582 
100 |a Whitelock, William Wallage 
245 0 |a Modern Germany in relation to the great war 
245 0 |c William Wallage Whitelock 
260 |a New York 
260 |b Mitchell Kennerley 
260 |c 1916 
650 |a Germany 
904 |i Nguyên,Hải 
980 |a Trung tâm Học liệu Trường Đại học Cần Thơ